00812nam a2200181 a 4500003000400000005001700004008004100021020001800062040002500080110005200105245019400157260006200351300002600413490005500439504003000494700005100524830005500575OSt20201002060812.0181003s2007 000 spa d a9789589806715 aDO-SdBNPbsapcBNPHU1 aColombia. bMinisterio de la Proteccion Social.00aGuía de atención integral de salud ocupacional basada en la evidencia para hombro doloroso relacionado con factores de riesgo en el trabajo.cpresentación Ana María Cabrera Videla  aSanto Domingo :bPontificia Universidad Javeriana,c2007. a110 p. bil.c27 cm. 1 aGuia de Atencion Integral de Salud Ocupacional v1 aBibliografía : p. 93-981 aCabrera Videla, Ana María,epresentación  0aGuia de Atencion Integral de Salud Ocupacional ; 1